Bombas: teoría, diseño y aplicaciones
Uloženo v:
| Hlavní autoři: | , |
|---|---|
| Médium: | Kniha |
| Jazyk: | španělština |
| Vydáno: |
Ciudad de México
Limusa
2004
Ciudad de México Grupo Noriega 2004 |
| Vydání: | 3a. ed |
| Témata: | |
| Tagy: |
Přidat tag
Žádné tagy, Buďte první, kdo vytvoří štítek k tomuto záznamu!
|
MARC
| LEADER | 00000nam a2200000 a 4500 | ||
|---|---|---|---|
| 001 | UCK8175 | ||
| 003 | CL-VaPUC | ||
| 008 | 060303e20040000mx |||||||||||||||||spa|d | ||
| 020 | |a 9681864433 | ||
| 082 | 0 | 4 | |a 621.6 |b VIE |2 21 |
| 100 | 0 | |a Viejo Zubicaray, Manuel |e author |9 498018 | |
| 700 | 0 | |a Alvarez Fernández, Javier |e author |9 498019 | |
| 245 | 1 | 0 | |a Bombas: teoría, diseño y aplicaciones |
| 250 | |a 3a. ed | ||
| 300 | |a 239 p | ||
| 942 | |c BK | ||
| 945 | |d 20060303 00:00:00 |a cmena | ||
| 260 | |a Ciudad de México |b Limusa |c 2004 | ||
| 260 | |a Ciudad de México |b Grupo Noriega |c 2004 | ||
| 650 | 7 | |a BOMBAS |2 CL-VaPUC |9 259418 | |
| 650 | 0 | |a Máquinas herramientas |9 262583 | |
| 650 | 7 | |a EQUIPOS DE BOMBEO |2 CL-VaPUC |9 498020 | |
| 650 | 0 | |a Bombas centrífugas |9 262482 | |
| 650 | 7 | |a TURBINAS |2 CL-VaPUC |9 263552 | |
| 583 | |a last modification |c 20171121 10:58:31 |k Rodrigo Vera | ||
| 999 | |c 315980 |d 315978 | ||
| 952 | |0 0 |1 0 |2 ddc |4 0 |6 621_600000000000000_VIE_2004_2004 |7 0 |8 A |9 389894 |a BIBING |b BIBING |c RES |d 2019-11-22 |i 4209176 |o 621.6 VIE 2004 2004 |p 4209176 |r 2025-01-20 |w 2019-11-22 |y BK |k CCI | ||